All Teyana Taylor Songs - Statistics

General Stats
  • This quiz has been taken 12 times
  • The average score is 61 of 93
Answer Stats
Album Song % Correct
K.T.S.E. Gonna Love Me
90%
K.T.S.E. Rose in Harlem
90%
K.T.S.E. WTP
90%
K.T.S.E. 3Way
80%
The Album Bad
80%
The Album Boomin
80%
The Album Concrete
80%
The Album Intro
80%
The Album Let's Build
80%
The Album Lowkey
80%
The Album Still
80%
The Album Wake Up Love
80%
The Album Wrong B***h
80%
The Album 69
70%
The Album Bare Wit Me
70%
VII Broken Hearted Girl
70%
The Album Come Back to Me
70%
VII Do Not Disturb
70%
VII Dreams
70%
The Album Ever Ever
70%
From a Planet Called Harlem Google Me
70%
The Album How You Want It?
70%
K.T.S.E. Hurry
70%
K.T.S.E. Issues / Hold On
70%
The Album Killa
70%
The Album Lose Each Other
70%
The Album Morning
70%
K.T.S.E. Never Would Have Made It
70%
K.T.S.E. No Manners
70%
VII Request
70%
The Album Shoot It Up
70%
VII Sorry
70%
The Album Try Again
70%
The Album We Got Love
70%
The Misunderstanding of Teyana Taylor Words of Wisdom - Lauryn Hill
70%
The Album 1800-One-Night
60%
The Misunderstanding of Teyana Taylor 8th Wonder
60%
The Misunderstanding of Teyana Taylor Bad Boy
60%
From a Planet Called Harlem Boy.....You & Me
60%
VII Business
60%
The Misunderstanding of Teyana Taylor Choosin
60%
From a Planet Called Harlem Color Me Pink
60%
The Misunderstanding of Teyana Taylor Come On
60%
From a Planet Called Harlem Complicated
60%
The Misunderstanding of Teyana Taylor Complicated
60%
The Misunderstanding of Teyana Taylor DUI
60%
From a Planet Called Harlem Fly Away
60%
The Album Friends
60%
The Misunderstanding of Teyana Taylor Gatekeeper
60%
From a Planet Called Harlem Get Your Money Up
60%
From a Planet Called Harlem Good Enough
60%
The Misunderstanding of Teyana Taylor Her Room (Marvin's Room Remix)
60%
From a Planet Called Harlem Hit My Jack Up (Intro)
60%
From a Planet Called Harlem I Get Crazy
60%
From a Planet Called Harlem I'm Done (Interlude)
60%
From a Planet Called Harlem I'm Illy
60%
From a Planet Called Harlem I Need a Girl (Remix)
60%
VII In the Air
60%
VII It Could Just Be Love
60%
VII It Could Just Be Love (Interlude)
60%
VII Just Different
60%
The Misunderstanding of Teyana Taylor Lauryn Interlude
60%
From a Planet Called Harlem Leave
60%
From a Planet Called Harlem Let's Get Right
60%
The Album Made It
60%
The Misunderstanding of Teyana Taylor Make Your Move
60%
VII Maybe
60%
From a Planet Called Harlem Move
60%
The Misunderstanding of Teyana Taylor Mystery Lover
60%
VII Outta My League
60%
VII Outta My League (Interlude)
60%
From a Planet Called Harlem Put It On You
60%
VII Put Your Love On
60%
From a Planet Called Harlem Really Got It Bad
60%
From a Planet Called Harlem Something Light
60%
From a Planet Called Harlem Swag
60%
From a Planet Called Harlem Swagger Like Us
60%
From a Planet Called Harlem Switch It Up!
60%
The Cassette Tape 1994 Tonight
60%
The Cassette Tape 1994 Touch Me
60%
From a Planet Called Harlem Traffic Stop
60%
From a Planet Called Harlem Turn My Swag On
60%
The Cassette Tape 1994 Undercover
60%
The Misunderstanding of Teyana Taylor Valentine
60%
The Cassette Tape 1994 Who's Gonna Make It Home
60%
The Misunderstanding of Teyana Taylor You Know
60%
From a Planet Called Harlem You Make Me Feel.....
60%
From a Planet Called Harlem Young Girl
60%
The Cassette Tape 1994 Your Wish
60%
Kanye West Presents: Good Music - Cruel Summer Bliss
50%
Kanye West Presents: Good Music - Cruel Summer Sin City
50%
Kanye West Presents: Good Music - Cruel Summer To the World
50%
The Misunderstanding of Teyana Taylor Wyclef Interlude
50%
No matching quizzes found
Score Distribution
Percent of People with Each Score
Percentile by Number Answered
Your Score History
You have not taken this quiz